موسوعة مدارس علم النفس : (رقم التسجيلة. 2668)

تفاصيل مارك
000 -الفاتح
عناصر البيانات ثابتة الطول 00613cam a2200169 i 4500
005 - تاريخ ووقت آخر معاملة
حقل ضبط 20251108164049.0
008 - عناصر البيانات ثابتة الطول
عناصر البيانات ثابتة الطول 250721r1995 ua gr 000 0 ara d
082 14 - رقم تصنيف ديوي العشري
رقم التصنيف 150.3
رقم المادة ع ب د
100 1# - مدخل رئيسي – اسم شخصي
الاسم الشخصي الجفني، عبد المنعم
علاقة الشخص بالعمل/ دوره مؤلف.
245 10 - بيان العنوان
العنوان موسوعة مدارس علم النفس :
بقية العنوان الكتاب الجامع لهذه المدارس /
بيان المسؤولية تأليف د:.عبد المنعم.
264 1# - بيانات النشر، التوزيع…إلخ
مكان النشر، التوزيع...إلخ القاهرة :
اسم الناشر، الموزع...إلخ مكتبة مدبولي،
تاريخ النشر، التوزيع...إلخ [1995].
300 ## - الوصف المادي
عدد الوحدات المكونة للوعاء 523 صفحة.
650 17 - مدخل إضافي بالموضوع - مصطلح موضوعي
مصطلح موضوعي أو اسم جغرافي كعنصر مدخل علم النفس.
650 17 - مدخل إضافي بالموضوع - مصطلح موضوعي
مصطلح موضوعي أو اسم جغرافي كعنصر مدخل الموسوعات.
942 ## - بيانات إضافية (كوها)
نوع التنصيف Dewey Decimal Classification
نوع المادة (كوها) كتب
المقتنيات
حالة السحب حالة الفقدان مصدر التصنيف حالة التلف غير قابل للإعارة المكتبة الرئيسية المكتبة الحالية موقع الرف تاريخ التزويد الرقم المتسلسل Total Checkouts رقم الإستدعاء الباركود تاريخ آخر ظهور تاريخ الفاتورة نوع المادة (كوها)
    Dewey Decimal Classification     المكتبة المركزية المكتبة المركزية الإعارة 12/07/2004 203419   150.3 / ع ب د 203419 28/07/2025 12/07/2004 كتب
    Dewey Decimal Classification Unchecked   مكتبة صويلح العامة مكتبة صويلح العامة الإعارة 12/07/2004 14450   150.3/عبد   28/07/2025 12/07/2004 كتب
Implemented & Customized by: BBB with SCIT (Smart Chains for Information Technology)

Powered by Koha